000 00531nam a2200169 a 4500
001 000024069
005 20200930022706.0
008 110118s1988 ve 000 0 spa d
040 _aDO-SdBNP
_bspa
_cBNPHU
082 _ann*
_bnn*
245 0 0 _aPoesía negra.
260 _aValencia :
_bUniversidad de Carabobo. Dirección de Cultura,
_c1988.
300 _a78 p. ;
_c21 cm.
500 _a"XXX aniversario de la Universidad de Carabobo, Doctorado Honoris Causa Nelson Mandela".
504 _aBibliografía : 78 p.
049 _aBNGR
999 _c23564
_d23564